South Africa : (the Union of South Africa, Rhodesia, and all other territories south of the Zambesia) /

Bibliographic Details
Main Author: Theal, George McCall, 1837-1919
Format: Book
Language:English
Published: London : T.F. Unwin, [1914]
Edition:11th impression (7th ed.).
Series:Story of the nations.
Subjects:

MARC

Tag First Indicator Second Indicator Subfields
LEADER 00000cam a2200000 4500
001 in00000240331
005 20151010050404.0
008 751013s1914 enkab 00010 eng d
035 |a (OCoLC)01697862 
035 |9 ABA9314AM 
040 |c CSU  |d TXA  |d UtOrBLW 
049 |a TXAM  |c [7664] 
090 |a DT766  |b .T398 1914 
100 1 |a Theal, George McCall,  |d 1837-1919. 
245 1 0 |a South Africa :  |b (the Union of South Africa, Rhodesia, and all other territories south of the Zambesia) /  |c by George M'Call Theal. 
250 |a 11th impression (7th ed.). 
264 1 |a London :  |b T.F. Unwin,  |c [1914] 
300 |a xx,460 pages including frontispiece, illustrations :  |b folded map. 
336 |a text  |b txt  |2 rdacontent 
337 |a unmediated  |b n  |2 rdamedia 
338 |a volume  |b nc  |2 rdacarrier 
490 1 |a The story of the nations 
500 |a "The narrative of events preceding 1872 has been condensed from my detailed History of South Africa."--Pref. 
651 0 |a South Africa  |x History. 
830 0 |a Story of the nations. 
999 |a MARS 
999 f f |s 2f50843d-7d6d-3929-9de9-ea07357ac00a  |i 4e2b9490-b675-340a-b58c-e2ac6f3771b1  |t 0 
952 f f |p ric  |a Texas A&M University  |b Rellis Campus  |c Joint Library Facility  |d Remote Storage  |t 0  |e DT766 .T398 1914  |h Library of Congress classification  |i unmediated -- volume  |m A14812162166 
998 f f |a DT766 .T398 1914  |t 0  |l Remote Storage